| 000 | 01913cam a22002653a 4500 | ||
|---|---|---|---|
| 001 | 7283 | ||
| 003 | PGUSA | ||
| 005 | 20140828083143.0 | ||
| 008 | 050101s2005||||xxu|||||s|||||000 | eng d | ||
| 040 |
_aPGUSA _beng |
||
| 042 | _adc | ||
| 050 | 4 | _aPN | |
| 245 | 1 | 0 |
_aShort Stories and Selections for Use in the Secondary Schools _h[electronic resource] |
| 260 |
_bProject Gutenberg, _c2005 |
||
| 505 | 0 | _aA leaf in the storm -- Cats -- An adventure -- For those who love music -- Out of doors -- The taboo -- School days at the convent -- In Brittany -- The Adirondacks -- An ascent of Kilauea -- The fetish -- Salmon fishing in Ireland -- Across running water -- The pine-tree shillings -- The white trail -- A dissertation on roast pig -- The last class -- An Arab fisherman -- The archery contest -- Baby Sylvester -- The address at Gettysburg -- The second inaugural address -- An appreciation of Lincoln -- The elephants that struck -- The luck of Roaring Camp -- The story of Muhammad Din -- A child -- Too dear for the whistle -- Lodging for the night -- A bad five minutes in the Alps -- The gold trail -- Twenty years of Arctic struggle -- The speech in Manchester -- A green donkey driver -- A night in the pines -- Life in old New York -- The bazaar in Morocco -- A battle of the ants -- An African pet -- Animal intelligence -- Buck's trial of strength -- On the Solander whaling ground -- An episode of the French Revolution -- The commander of the faithful -- Walt Whitman -- Heroism in housekeeping -- A youthful actor -- War -- Coon-hunting -- Sight in savages -- The village schoolmaster. | |
| 506 | _aPublic domain in the USA. | ||
| 516 | _aElectronic text | ||
| 653 | _aShort stories | ||
| 653 | _aReaders | ||
| 653 | _aEnglish prose literature | ||
| 700 | 1 | _aBaker, Emilie Kip | |
| 830 | 0 |
_aProject Gutenberg _v7283 |
|
| 856 | 4 | 0 | _uhttp://www.gutenberg.org/ebooks/7283 |
| 942 | _cEB | ||
| 999 |
_c236603 _d236603 |
||